000 00736nam a2200253Ia 4500
003 OSt
005 20221006160611.0
006 a|||||r|||| 00| 0
007 ta
008 221006b |||||||| |||| 00| 0 eng d
024 _a45,583
037 _cSeries Articles
040 _aEASL
_cEASL
_beng
041 _2eng
_aeng
100 _aKagade Mandar
_9674299
245 0 _aContingent convertibles and bankers'pay
_b The missing link in India's financial regulation
260 _aMumbai
_bEPW Research Foundation India
_c2015
300 _a55-61 Pp.
_ccm.
490 _v01
650 _aEconomics
700 _a Verma Aadhaar
_9674300
942 _cREF
_2CC
999 _c1113675
_d1113675